| 000 | 00503nam a2200181Ia 4500 | ||
|---|---|---|---|
| 999 |
_c8801 _d8801 |
||
| 003 | OSt | ||
| 005 | 20201007120852.0 | ||
| 008 | 190216s9999||||xx |||||||||||||| ||und|| | ||
| 020 | _a8176560782 | ||
| 040 | _coclc | ||
| 082 |
_a005.268 _bJAI/V |
||
| 100 |
_aJain, Manish _94653 |
||
| 245 | 0 |
_aVisual Basic 6 Complete / _cManish Jain |
|
| 260 |
_bBpb Publications, _c1999. _aNew Delhi: |
||
| 300 | _a1011p | ||
| 650 | _aComputer | ||
| 942 |
_cBK _2ddc _h005.268 _iJAI/V _k005.268 _mJAI/V |
||